Air pollution control and design handbook

Αποθηκεύτηκε σε:
Λεπτομέρειες βιβλιογραφικής εγγραφής
Άλλοι συγγραφείς: Cheremisinoff, Paul N. (Επιμελητής έκδοσης), Young, Richard A. (Richard Alan), 1935-2017 (Επιμελητής έκδοσης)
Μορφή: Βιβλίο
Γλώσσα:English
Δημοσίευση: New York : Marcel Dekker, 1977.
Σειρά:Pollution engineering and technology ; 2
Θέματα:
Ετικέτες: Προσθήκη ετικέτας
Δεν υπάρχουν, Καταχωρήστε ετικέτα πρώτοι!

MARC

LEADER 00000cam a2200000 i 4500
001 1/77105
008 961213s1977 eng d
020 |a 0824764447  |q (τ. 1)  
020 |a 082476448Χ  |q (τ. 2)  
035 |l 10004176 
040 |a GR-MY-UA  |b gre  |e aacr 
041 0 |a eng 
082 0 |a 628.53 
245 1 0 |a Air pollution control and design handbook /   |c edited by Paul N. Cheremisinoff; Richard A. Young.  
260 |a New York :   |b Marcel Dekker,   |c 1977.  
300 |a 2 τ. ;   |c 23 εκ.  
490 1 |a Pollution engineering and technology  |v  ; 2 
650 0 0 |a Air  |x Pollution. 
700 1 |a Cheremisinoff, Paul N.  |e edt 
700 1 |a Young, Richard A.   |q (Richard Alan),   |d 1935-2017,  |e edt 
830 0 |a Pollution engineering and technology ;  |v  2  
852 |a INST  |b LESVOS  |e 19961213  |h 628.53 AIR  |p 005100008795  |q 005100008795  |t BK  |y 0  |z v.2 
852 |a INST  |b LESVOS  |e 19961213  |h 628.53 AIR  |p 005100008796  |q 005100008796  |t BK  |y 0  |z v.1 
852 |a INST  |b LESVOS  |e 19961213  |h 628.53 AIR  |p 005100008795  |q 005100008795  |t BK  |v τ. .2:  |y 0  |z v.2 
852 |a INST  |b LESVOS  |e 19961213  |h 628.53 AIR  |p 005100008796  |q 005100008796  |t BK  |v τ. .1:  |y 0  |z v.1 
853 |a INST  |b LESVOS  |h 628.53 AIR